000 01018cam a22002531i 4500
003 OSt
005 20260307123447.0
008 260221s1908 ua g 000 0 ara c
040 _aSA-MaUQU
_bara
_cSA-RiAUC
_erda
082 0 _a214.15436
090 _aم ن 214.15436
_bا ب ن و
100 1 _aابن الوردي، عمر بن مظفر بن عمر،
_d691-749 هجري
_eمؤلف.
245 1 2 _aالألفية الوردية في تعبير الرؤيا /‏
_cلزين الدين أبي حفص عمر بن مظفر بن عمر بن الوردي.
250 _aالطبعة الأولى.
264 1 _aمصر :‏
_b[الناشر غير محدد]،‏
_c1908
264 3 _aمصر :
_bمطبعة الأزهار
300 _a64 صفحة ؛
_c29 سم
336 _aنص
_btxt
_2rdacontent
_3كتاب
337 _aبدون وسيط
_bn
_2rdamedia
338 _aمجلد
_bnc
_2rdacarrier
650 7 _aتفسير الأحلام
_2aucsh
942 _2ddc
_cRBOOK COPY
_n0
949 _aSA-JeALM
_d260221
_umohamedma123
_n1
999 _c14519
_d14519